The Copperbelt University Dag Hammarsjkjoid Chair for Peace,Human Rights and Conflict Management :Proceedings of the Conference on "From Dag Hammarskjoid to Date: The genesis and evolution of the Democratic Republic of Congo Conflict": (Record no. 1228)

MARC details
000 -LEADER
fixed length control field 01225nam a22002777a 4500
005 - DATE AND TIME OF LATEST TRANSACTION
control field 20240516063256.0
008 - FIXED-LENGTH DATA ELEMENTS--GENERAL INFORMATION
fixed length control field 240516b |||||||| |||| 00| 0 eng d
020 ## - INTERNATIONAL STANDARD BOOK NUMBER
Qualifying information 9789982072335
040 ## - CATALOGING SOURCE
Original cataloging agency KMU
Transcribing agency KMU
Modifying agency KMU
Description conventions rda
050 ## - LIBRARY OF CONGRESS CALL NUMBER
Classification number DT 658.2
110 ## - MAIN ENTRY--CORPORATE NAME
Date of meeting or treaty signing The Copperbelt University
245 ## - TITLE STATEMENT
Title The Copperbelt University Dag Hammarsjkjoid Chair for Peace,Human Rights and Conflict Management :Proceedings of the Conference on "From Dag Hammarskjoid to Date: The genesis and evolution of the Democratic Republic of Congo Conflict":
Remainder of title Held to celebrate the centenary Anniversary of Dag Hammarskjoid Birthday/ Edinburgh Hotel,Kitwe, Zambia 27th to 29th July 2005/
Statement of responsibility, etc. The Copperbelt University,Rosemary Chilufya, Tenkir Bonger,Mumbi Lesho,Boniventure A.Chilufya and Martin Sampa
260 ## - PUBLICATION, DISTRIBUTION, ETC.
Place of publication, distribution, etc. Ndola:
Name of publisher, distributor, etc. Mission Press,
Date of publication, distribution, etc. 2005
300 ## - PHYSICAL DESCRIPTION
Extent 57 P.:
Other physical details ill.;
Dimensions 20cm
500 ## - GENERAL NOTE
General note Includes appendices
650 ## - SUBJECT ADDED ENTRY--TOPICAL TERM
Topical term or geographic name entry element The Copperbelt University
650 ## - SUBJECT ADDED ENTRY--TOPICAL TERM
Topical term or geographic name entry element Dag Hammarskjoid
650 ## - SUBJECT ADDED ENTRY--TOPICAL TERM
Topical term or geographic name entry element Democratic Republic of Congo
650 ## - SUBJECT ADDED ENTRY--TOPICAL TERM
Topical term or geographic name entry element Conference Proceedings
700 ## - ADDED ENTRY--PERSONAL NAME
Personal name Chilufya Rosemary
700 ## - ADDED ENTRY--PERSONAL NAME
Personal name Bonger Tenkir
700 ## - ADDED ENTRY--PERSONAL NAME
Personal name Lesho Mumbi
700 ## - ADDED ENTRY--PERSONAL NAME
Personal name Chilufya A. Boniventure
700 ## - ADDED ENTRY--PERSONAL NAME
Personal name Sampa Martin
942 ## - ADDED ENTRY ELEMENTS (KOHA)
Source of classification or shelving scheme Library of Congress Classification
Koha item type Non-Fiction
Suppress in OPAC No
Holdings
Withdrawn status Lost status Source of classification or shelving scheme Damaged status Not for loan Collection Home library Current library Shelving location Date acquired Source of acquisition Total Checkouts Full call number Barcode Date last seen Price effective from Koha item type
    Library of Congress Classification     Non-fiction Kapasa Makasa University Kapasa Makasa University Special Collection 16.05.2024 CBU   DT 658.26 Pro B4055 16.05.2024 16.05.2024 Non-Fiction
    Library of Congress Classification     Non-fiction Kapasa Makasa University Kapasa Makasa University Special Collection 16.05.2024 CBU   DT 658.26 Pro B4051 16.05.2024 16.05.2024 Non-Fiction
    Library of Congress Classification     Non-fiction Kapasa Makasa University Kapasa Makasa University Special Collection 16.05.2024 CBU   DT 658.26 Pro B4054 16.05.2024 16.05.2024 Non-Fiction
    Library of Congress Classification     Non-fiction Kapasa Makasa University Kapasa Makasa University Special Collection 16.05.2024 CBU   DT 658.26 Pro B4052 16.05.2024 16.05.2024 Non-Fiction